Le verbe (notice n° 1567274)

détails MARC
000 -LEADER
fixed length control field 00935cam a2200133 4500500
005 - DATE AND TIME OF LATEST TRANSACTION
control field 20251214002641.0
041 ## - LANGUAGE CODE
Language code of text/sound track or separate title fre
042 ## - AUTHENTICATION CODE
Authentication code dc
100 10 - MAIN ENTRY--PERSONAL NAME
Personal name Niklas-Salminen, Aïno
Relator term author
245 00 - TITLE STATEMENT
Title Le verbe
260 ## - PUBLICATION, DISTRIBUTION, ETC.
Name of publisher, distributor, etc. Armand Colin,<br/>
Date of publication, distribution, etc. 2012.<br/>
520 ## - SUMMARY, ETC.
Summary, etc. L’étude du verbe est un domaine complexe et beaucoup de grammaires ne savent pas simplifier cette complexité. La méthode progressive d’apprentissage de ce manuel met à disposition des étudiants débutants de lettres des éléments de base pour analyser le verbe : sa morphologie, son rôle dans la proposition et ses constructions syntaxiques. Ces éléments de base présentés à l’aide des outils de la linguistique offrent des pistes qui permettent d’approfondir leurs connaissances. Les chapitres sont illustrés par de nombreux exercices commentés.
856 41 - ELECTRONIC LOCATION AND ACCESS
Uniform Resource Identifier <a href="https://shs.cairn.info/le-verbe--9782200282127?lang=fr&redirect-ssocas=7080">https://shs.cairn.info/le-verbe--9782200282127?lang=fr&redirect-ssocas=7080</a>

Pas d'exemplaire disponible.

PLUDOC

PLUDOC est la plateforme unique et centralisée de gestion des bibliothèques physiques et numériques de Guinée administré par le CEDUST. Elle est la plus grande base de données de ressources documentaires pour les Étudiants, Enseignants chercheurs et Chercheurs de Guinée.

Adresse

627 919 101/664 919 101

25 boulevard du commerce
Kaloum, Conakry, Guinée

Réseaux sociaux

Powered by Netsen Group @ 2025